<?xml version="1.0" encoding="UTF-8"?>
<record
    xmlns:xsi="http://www.w3.org/2001/XMLSchema-instance"
    xsi:schemaLocation="http://www.loc.gov/MARC21/slim http://www.loc.gov/standards/marcxml/schema/MARC21slim.xsd"
    xmlns="http://www.loc.gov/MARC21/slim">

  <leader>01108    a2200217   4500</leader>
  <controlfield tag="001">24158</controlfield>
  <datafield tag="020" ind1=" " ind2=" ">
    <subfield code="a">9788576762256</subfield>
  </datafield>
  <datafield tag="041" ind1=" " ind2=" ">
    <subfield code="a">por</subfield>
  </datafield>
  <datafield tag="082" ind1=" " ind2=" ">
    <subfield code="a">028.5</subfield>
  </datafield>
  <datafield tag="100" ind1=" " ind2=" ">
    <subfield code="a">Benton, Jim.</subfield>
  </datafield>
  <datafield tag="520" ind1=" " ind2=" ">
    <subfield code="a">Querido Di&#xE1;rio Ot&#xE1;rio, A Isabella disse que n&#xE3;o foi a transforma&#xE7;&#xE3;o que aumentou a popularidade da Michele e nos colocou para baixo. Foi a cal&#xE7;a. Tamb&#xE9;m n&#xE3;o foi o meu gritinho na aula de ci&#xEA;ncias que me fez acabar do lado da grande besta, M&#xE1;rio Pinsetti. Foi a cal&#xE7;a. E ela disse ainda que n&#xE3;o fui eu que fiz aquilo na frente do Lucas Ribas. Foi a cal&#xE7;a! D&#xEA; uma espiadinha no di&#xE1;rio da Jamie Kelly. A Jamie sempre jura que tudo o que ela escreve &#xE9; verdade... Bom, pelo menos ela acha que &#xE9;!...</subfield>
  </datafield>
  <datafield tag="697" ind1=" " ind2=" ">
    <subfield code="a">Literatura infanto-juvenil</subfield>
  </datafield>
  <datafield tag="856" ind1=" " ind2=" ">
    <subfield code="u">00000d/00000d6c.jpg</subfield>
  </datafield>
  <datafield tag="040" ind1=" " ind2=" ">
    <subfield code="a">BR-GoBES</subfield>
    <subfield code="c">BR-GoBES</subfield>
    <subfield code="d">BR-BrIDEA</subfield>
  </datafield>
  <datafield tag="090" ind1=" " ind2=" ">
    <subfield code="a">Year 4 028</subfield>
    <subfield code="b">BEN</subfield>
  </datafield>
  <datafield tag="240" ind1="1" ind2="0">
    <subfield code="a">Dear dumb diary: my pants are haunted</subfield>
    <subfield code="l">Portugu&#xEA;s</subfield>
  </datafield>
  <datafield tag="245" ind1="1" ind2="0">
    <subfield code="a">Querido di&#xE1;rio ot&#xE1;rio </subfield>
    <subfield code="b">tem um fantasma na minha cal&#xE7;a </subfield>
    <subfield code="c">Jim Benton</subfield>
  </datafield>
  <datafield tag="260" ind1=" " ind2=" ">
    <subfield code="a">S&#xE3;o Paulo,  SP</subfield>
    <subfield code="b">Fundamento</subfield>
    <subfield code="c">2011</subfield>
  </datafield>
  <datafield tag="300" ind1=" " ind2=" ">
    <subfield code="a">130 p</subfield>
    <subfield code="b">il. </subfield>
  </datafield>
  <datafield tag="942" ind1=" " ind2=" ">
    <subfield code="c">BK</subfield>
  </datafield>
  <datafield tag="952" ind1=" " ind2=" ">
    <subfield code="0">0</subfield>
    <subfield code="1">0</subfield>
    <subfield code="4">0</subfield>
    <subfield code="7">0</subfield>
    <subfield code="a">91.1</subfield>
    <subfield code="b">91.1</subfield>
    <subfield code="d">2023-11-21</subfield>
    <subfield code="l">0</subfield>
    <subfield code="o">LJ 028.5 B478q BEN QUE</subfield>
    <subfield code="p">14443/PIT</subfield>
    <subfield code="r">2023-11-21 18:30:21</subfield>
    <subfield code="w">2023-11-21</subfield>
    <subfield code="y">BK</subfield>
  </datafield>
  <datafield tag="952" ind1=" " ind2=" ">
    <subfield code="0">0</subfield>
    <subfield code="1">0</subfield>
    <subfield code="4">0</subfield>
    <subfield code="7">0</subfield>
    <subfield code="a">91.1</subfield>
    <subfield code="b">91.1</subfield>
    <subfield code="d">2023-11-21</subfield>
    <subfield code="l">0</subfield>
    <subfield code="o">LJ 028.5 B478q BEN QUE</subfield>
    <subfield code="p">14444/PIT</subfield>
    <subfield code="r">2023-11-21 18:30:21</subfield>
    <subfield code="w">2023-11-21</subfield>
    <subfield code="y">BK</subfield>
  </datafield>
  <datafield tag="952" ind1=" " ind2=" ">
    <subfield code="0">0</subfield>
    <subfield code="1">0</subfield>
    <subfield code="4">0</subfield>
    <subfield code="7">0</subfield>
    <subfield code="a">88.1</subfield>
    <subfield code="b">88.1</subfield>
    <subfield code="d">2023-11-22</subfield>
    <subfield code="l">0</subfield>
    <subfield code="o">LJ 028.5 B478q</subfield>
    <subfield code="p">4988/CSP</subfield>
    <subfield code="r">2023-11-22 14:31:16</subfield>
    <subfield code="w">2023-11-22</subfield>
    <subfield code="y">BK</subfield>
  </datafield>
  <datafield tag="952" ind1=" " ind2=" ">
    <subfield code="0">0</subfield>
    <subfield code="1">0</subfield>
    <subfield code="4">0</subfield>
    <subfield code="7">0</subfield>
    <subfield code="a">88.1</subfield>
    <subfield code="b">88.1</subfield>
    <subfield code="d">2023-11-22</subfield>
    <subfield code="l">0</subfield>
    <subfield code="o">LJ 028.5 B478q</subfield>
    <subfield code="p">4989/CSP</subfield>
    <subfield code="r">2023-11-22 14:31:16</subfield>
    <subfield code="w">2023-11-22</subfield>
    <subfield code="y">BK</subfield>
  </datafield>
  <datafield tag="952" ind1=" " ind2=" ">
    <subfield code="0">0</subfield>
    <subfield code="1">0</subfield>
    <subfield code="2">ddc</subfield>
    <subfield code="4">0</subfield>
    <subfield code="7">0</subfield>
    <subfield code="a">12.27</subfield>
    <subfield code="b">12.27</subfield>
    <subfield code="d">2020-04-27</subfield>
    <subfield code="l">2</subfield>
    <subfield code="o">A Year 4 028 BEN</subfield>
    <subfield code="p">00049980AGC</subfield>
    <subfield code="r">2024-05-09 18:01:52</subfield>
    <subfield code="s">2024-05-03</subfield>
    <subfield code="w">2024-01-23</subfield>
    <subfield code="y">BK</subfield>
  </datafield>
  <datafield tag="952" ind1=" " ind2=" ">
    <subfield code="0">0</subfield>
    <subfield code="1">0</subfield>
    <subfield code="4">0</subfield>
    <subfield code="7">0</subfield>
    <subfield code="a">80.1</subfield>
    <subfield code="b">80.1</subfield>
    <subfield code="d">2024-02-09</subfield>
    <subfield code="l">0</subfield>
    <subfield code="o">BEN</subfield>
    <subfield code="p">A13418</subfield>
    <subfield code="r">2024-02-09 21:18:27</subfield>
    <subfield code="w">2024-02-09</subfield>
    <subfield code="y">BK</subfield>
  </datafield>
  <datafield tag="952" ind1=" " ind2=" ">
    <subfield code="0">0</subfield>
    <subfield code="1">0</subfield>
    <subfield code="4">0</subfield>
    <subfield code="7">0</subfield>
    <subfield code="a">80.1</subfield>
    <subfield code="b">80.1</subfield>
    <subfield code="d">2024-02-09</subfield>
    <subfield code="l">1</subfield>
    <subfield code="o">BEN</subfield>
    <subfield code="p">A22957</subfield>
    <subfield code="r">2024-08-02 13:15:51</subfield>
    <subfield code="s">2024-06-05</subfield>
    <subfield code="w">2024-02-09</subfield>
    <subfield code="y">BK</subfield>
  </datafield>
  <datafield tag="952" ind1=" " ind2=" ">
    <subfield code="0">0</subfield>
    <subfield code="1">0</subfield>
    <subfield code="2">udc</subfield>
    <subfield code="4">0</subfield>
    <subfield code="7">0</subfield>
    <subfield code="a">39.1</subfield>
    <subfield code="b">39.1</subfield>
    <subfield code="d">2022-06-14</subfield>
    <subfield code="l">2</subfield>
    <subfield code="o">028.5 B478q</subfield>
    <subfield code="p">12105/CCP</subfield>
    <subfield code="q">2024-08-20</subfield>
    <subfield code="r">2024-08-13 12:17:36</subfield>
    <subfield code="s">2024-08-13</subfield>
    <subfield code="t">Ex. 1</subfield>
    <subfield code="w">2024-04-30</subfield>
    <subfield code="y">BK</subfield>
    <subfield code="u"></subfield>
  </datafield>
  <datafield tag="999" ind1=" " ind2=" ">
    <subfield code="c">24158</subfield>
    <subfield code="d">24158</subfield>
  </datafield>
</record>
